01396nam a2200313 a 4500001001200000003000800012006001900020007001500039008004100054020002700095040002100122035002100143050002700164100001800191245008300209260006900292300001000361490002400371504004100395505011700436533015200553600007000705600006100775650005700836655002900893710001700922856012600939999001701065ebr10567287CaPaEBRm u cr cn|||||||||120613s2007 enk sb 000 0deng d z9781847600127 (e-book) aCaPaEBRcCaPaEBR a(OCoLC)74781861714aPR4803.H44bZ55 2007eb1 aGilroy, John.10aGerard Manley Hopkinsh[electronic resource] :bselected poems /cJohn Gilroy. aTirril [England] ;aPenrith, Calif. :bHumanities-Ebooks,c2007. a94 p.0 aLiterature insights aIncludes bibliographical references.0 apt. 1. Life and times -- pt. 2. Strategies -- pt. 3. Reading Hopkins -- pt. 4. Reception -- pt. 5. Bibliography. aElectronic reproduction.bPalo Alto, Calif. :cebrary,d2011.nAvailable via World Wide Web.nAccess may be limited to ebrary affiliated libraries.10aHopkins, Gerard Manley,d1844-1889xCriticism and interpretation.10aHopkins, Gerard Manley,d1844-1889.tPoems.kSelections. 0aEnglish poetryy20th centuryxHistory and criticism. 7aElectronic books.2local2 aebrary, Inc.40uhttp://site.ebrary.com/lib/rucke/Doc?id=10567287zAn electronic book accessible through the World Wide Web; click to view c93278d93278